Laboratory manual Physics-XII (Record no. 12762)

MARC details
000 -LEADER
fixed length control field 00252nam a22000977a 4500
008 - FIXED-LENGTH DATA ELEMENTS--GENERAL INFORMATION
fixed length control field 250509b |||||||| |||| 00| 0 eng d
020 ## - INTERNATIONAL STANDARD BOOK NUMBER
International Standard Book Number 9788178556277
100 ## - MAIN ENTRY--PERSONAL NAME
Personal name Mittal R S
245 ## - TITLE STATEMENT
Title Laboratory manual Physics-XII
260 ## - PUBLICATION, DISTRIBUTION, ETC. (IMPRINT)
Place of publication, distribution, etc. New Delhi
Name of publisher, distributor, etc. Avichal
Date of publication, distribution, etc. 2024
Holdings
Withdrawn status Lost status Source of classification or shelving scheme Damaged status Koha normalized classification for sorting Not for loan Home library Current library Shelving location Date acquired Total Checkouts Full call number Barcode Date last seen Price effective from Koha item type
    Dewey Decimal Classification   MIT_530_000000000000000   Good Samaritan School Library Good Samaritan School Library Physics 05/09/2025   MIT530 MIT17947 05/09/2025 05/09/2025 BOOK

Powered by Koha